ბათუმის შოთა რუსთაველის სახელმწიფო უნივერსიტეტის ბიბლიოთეკა

კავკასიის დიდი შვილი = Великий сын Кавказа = Tht great son of Caucasus : არნოლდ ჩიქობავა 110 (ბიბ.ჩანაწერი № 51155)

000 -LEADER
fixed length control field 00924nam a2200241Ia 4500
001 - CONTROL NUMBER
control field 18114
003 - CONTROL NUMBER IDENTIFIER
control field GE_BSU
008 - FIXED-LENGTH DATA ELEMENTS--GENERAL INFORMATION
fixed length control field 181216s||||||||xx |||||||||||||| ||und||
020 ## - INTERNATIONAL STANDARD BOOK NUMBER
International Standard Book Number 978-9941-12-308-5
040 ## - CATALOGING SOURCE
Transcribing agency GE_BSU
080 ## - UNIVERSAL DECIMAL CLASSIFICATION NUMBER
Universal Decimal Classification number 81(479.22)(092)
245 ## - TITLE STATEMENT
Title კავკასიის დიდი შვილი = Великий сын Кавказа = Tht great son of Caucasus : არნოლდ ჩიქობავა 110
245 ## - TITLE STATEMENT
Statement of responsibility, etc. რედ. ც. ბარამიძე
250 ## - EDITION STATEMENT
Edition statement თსუ, ჰუმანიტ. მეცნ. ფაკ., კავკას. ინ-ტი
260 ## - PUBLICATION, DISTRIBUTION, ETC.
Place of publication, distribution, etc. თბილისი
260 ## - PUBLICATION, DISTRIBUTION, ETC.
Name of publisher, distributor, etc. უნივერსალი
260 ## - PUBLICATION, DISTRIBUTION, ETC.
Date of publication, distribution, etc. 2008.
300 ## - PHYSICAL DESCRIPTION
Extent 28გვ. : ილ. ; 26სმ.
653 ## - INDEX TERM--UNCONTROLLED
Uncontrolled term არნოლდ ჩიქობავა 110
653 ## - INDEX TERM--UNCONTROLLED
Uncontrolled term კავკასიის დიდი შვილი
942 ## - ADDED ENTRY ELEMENTS (KOHA)
Koha item type წიგნი
ეგზემპლარები
Withdrawn status Lost status Damaged status Not for loan Date acquired Barcode Date last seen Price effective from Koha item type
        2018-12-17 46224 2018-12-17 2018-12-17 წიგნი
        2018-12-17 46225 2018-12-17 2018-12-17 წიგნი